000 00333nam a22001217a 4500
999 _c5461
_d5461
008 250919b ||||| |||| 00| 0 eng d
020 _a9781913696870
082 _a823.00 MAZ
100 _aEVANS,MAZ
_eAUTHOR
_lENGLISH
245 _aOH MAYA GODS!
260 _a2 PALMER STREET,FROME,SOMERSET BA11 1DS
_bCHICKEN HOUSE
_c2023
942 _2ddc